ENVIRONMENTAL CHEMISTRY (Record no. 5767)

MARC details
000 -LEADER
fixed length control field 00386nam a22001577a 4500
005 - DATE AND TIME OF LATEST TRANSACTION
control field 20190223112713.0
008 - FIXED-LENGTH DATA ELEMENTS--GENERAL INFORMATION
fixed length control field 190223b xxu||||| |||| 00| 0 eng d
020 ## - INTERNATIONAL STANDARD BOOK NUMBER
ISBN 978-81-203-1576-1
041 ## - LANGUAGE CODE
Language code of text/sound track or separate title eng
100 ## - MAIN ENTRY--AUTHOR NAME
Personal name BANERJI, SAMIR
245 ## - TITLE STATEMENT
Title ENVIRONMENTAL CHEMISTRY
250 ## - EDITION STATEMENT
Edition statement 2nd Ed.
260 ## - PUBLICATION, DISTRIBUTION, ETC. (IMPRINT)
Place of publication new delhi
Name of publisher PHI LEARNING PVT .LTD
Year of publication 2013
300 ## - PHYSICAL DESCRIPTION
Number of Pages 178p,
942 ## - ADDED ENTRY ELEMENTS (KOHA)
Koha item type Books
Holdings
Lost status Damaged status Home library Current library Shelving location Date acquired Source of acquisition Cost, normal purchase price Accession Number Koha item type
    JRU Library   SHELF-6-E 23/02/2019 DONATION 150.00 22489 Books